00556cam a2200181u 450000100060000000300080000600500170001400800390003103500190007004000330008904100080012208200240013010000180015424500410017226000510021330000480026465100620031223887BD-RjUL20211209001001.0140312r19481940enkbf 000 0 eng a(BD-RjUL)23952 aDLCcCarPdDLCdBD-RjULbeng aeng00221a915.2bSTW 19481 aStark, Freya.12aA winter in Arabia /c Freya Stark. aLondon :bJohn Murray,c1940 [Reprinted 1948]. ax ,265 p. :bplates, ports, maps. ;c20 cm. 0aḤaḍramawt (Yemen : Province)xDescription and travel.